| 000 | 00511nam a22001577a 4500 | ||
|---|---|---|---|
| 005 | 20250131160228.0 | ||
| 008 | 250131b |||||||| |||| 00| 0 eng d | ||
| 020 | _a9780397550302 | ||
| 050 |
_aRC76 _b.B37 |
||
| 100 | _aBates, Barbara | ||
| 245 |
_aA Guide to Physical Examination and History Taking/ _cBarbara Bates |
||
| 250 |
_a5th ed. _binternational student edition |
||
| 260 |
_aPhiladelphia _bJ. B. Lippincott Company _c1991 |
||
| 300 |
_axxii. 714p. _bill. some color _c27.5cm |
||
| 942 |
_2lcc _cBK _e5th ed. _n0 |
||
| 999 |
_c3313 _d3313 |
||